Each Premier League Penalty Taker 20/21 - Statistics

General Stats
  • This quiz has been taken 9 times
  • The average score is 13 of 25
Answer Stats
Hint Answer Amount Taken Conversion Rate Position % Correct
Manchester United Bruno Fernandes 10 90% Attacking Midfield
100%
Tottenham Hotspur Harry Kane 4 100% Centre-Forward
100%
Leicester City Jamie Vardy 9 89% Centre-Forward
100%
Manchester City Kevin De Bruyne 3 67% Attacking Midfield
100%
Liverpool FC Mohamed Salah 6 100% Right Winger
100%
Arsenal FC Alexandre Lacazette 3 100% Centre-Forward
75%
Newcastle United Callum Wilson 4 100% Centre-Forward
75%
Chelsea FC Jorginho 9 78% Defensive Midfield
63%
Patrick Bamford 2 100% Centre-Forward
63%
Crystal Palace (2 Takers) Wilfried Zaha 2 100% Left Winger
63%
Fulham FC (2 Takers) Aleksandar Mitrović 2 50% Centre-Forward
50%
Everton FC Gylfi Sigurdsson 4 75% Attacking Midfield
50%
Southampton FC James Ward-Prowse 4 75% Central Midfield
50%
Brighton & Hove Albion (2 Takers) Pascal Groß 4 75% Central Midfield
50%
Burnley FC Chris Wood 2 100% Centre-Forward
38%
West Bromwich Albion Matheus Pereira 4 100% Attacking Midfield
38%
Aston Villa Anwar El Ghazi 4 100% Right Winger
25%
Declan Rice 2 50% Central Midfield
25%
Luka Milivojevic 2 50% Defensive Midfield
25%
Leeds United (2 Takers) Mateusz Klich 2 100% Central Midfield
25%
Neal Maupay 4 75% Centre-Forward
25%
Wolverhampton Wanderers Rúben Neves 3 100% Defensive Midfield
25%
Sheffield United Billy Sharp 2 100% Centre-Forward
13%
Ivan Cavaleiro 2 50% Left Winger
0%
West Ham United (2 Takers) Jesse Lingard 2 50% Attacking Midfield
0%
No matching quizzes found
Score Distribution
Percent of People with Each Score
Percentile by Number Answered
Your Score History
You have not taken this quiz